ბათუმის შოთა რუსთაველის სახელმწიფო უნივერსიტეტის ბიბლიოთეკა

Milli Mücadele Yazıları : (ბიბ.ჩანაწერი № 61362)

000 -LEADER
fixed length control field 00604nam a22001937a 4500
005 - DATE AND TIME OF LATEST TRANSACTION
control field 20240223171132.0
008 - FIXED-LENGTH DATA ELEMENTS--GENERAL INFORMATION
fixed length control field 240223s2019 tu ||||| |||| 00| 0 tur d
020 ## - INTERNATIONAL STANDARD BOOK NUMBER
International Standard Book Number 9789751107862
041 ## - LANGUAGE CODE
Language code of text/sound track or separate title tur
080 ## - UNIVERSAL DECIMAL CLASSIFICATION NUMBER
Universal Decimal Classification number 94(560) K-93
100 ## - MAIN ENTRY--PERSONAL NAME
Personal name Kurnaz, Cemal
9 (RLIN) 21279
245 ## - TITLE STATEMENT
Title Milli Mücadele Yazıları :
Remainder of title Hazırlayanlar /
Statement of responsibility, etc. Cemal Kurnaz, Sefika Kurnaz.
264 ## - PRODUCTION, PUBLICATION, DISTRIBUTION, MANUFACTURE, AND COPYRIGHT NOTICE
Place of production, publication, distribution, manufacture Ankara,
Date of production, publication, distribution, manufacture, or copyright notice 2019.
300 ## - PHYSICAL DESCRIPTION
Extent 162 p. :
Other physical details 24 cm.
521 ## - TARGET AUDIENCE NOTE
Target audience note ნაჩუქარი
653 ## - INDEX TERM--UNCONTROLLED
keyword სტატიები დამოუკიდებლობაზე
700 ## - ADDED ENTRY--PERSONAL NAME
Personal name Kurnaz, Sefika
9 (RLIN) 21280
942 ## - ADDED ENTRY ELEMENTS (KOHA)
Source of classification or shelving scheme
Koha item type წიგნი
ეგზემპლარები
Withdrawn status Lost status Source of classification or shelving scheme Damaged status Not for loan Permanent Location Current Location Shelving location Date acquired Cost, normal purchase price Full call number Barcode Date last seen Copy number Uniform Resource Identifier Price effective from Koha item type Public note
          ბათუმის შოთა რუსთაველის სახელმწიფო უნივერსიტეტის მთავარი ბიბლიოთეკა ბათუმის შოთა რუსთაველის სახელმწიფო უნივერსიტეტის მთავარი ბიბლიოთეკა წიგნსაცავი 2024-02-23 8.00 94(560) K-93 67603 2024-02-23 67603 ნაჩუქარი 2024-02-23 წიგნი 8 ლ.